| 000 | 00551nam a2200181Ia 4500 | ||
|---|---|---|---|
| 003 | GCL | ||
| 008 | 140319s9999 xx 000 0 eng d | ||
| 040 |
_aGCL / _cGCL |
||
| 082 | 0 | 4 |
_aP _b300.5 _bD D |
| 100 | 1 | _aDESSOUKI,ALI E HILLAL | |
| 245 | 1 | 0 |
_aDEMOCRACY IN EGYPT: PROBLAMS AND PROSPECTS / _cDESSOUKI,ALI E HILLAL |
| 260 |
_a[S.N] : _bTHE AMERICAN UNIVERSITY IN CAIRO PRESS ، _c1983 |
||
| 300 | _a94 | ||
| 490 |
_aTHE WADSWORTH INTERNATIONAL DIMENSION OF BUSINESS _v0 |
||
| 650 | 0 | 4 | _aPERIODICALS |
| 650 | 0 | 4 | _aSOCIAL SCIENCE |
| 942 |
_2ddc _cCR |
||
| 999 |
_c25856 _d25856 |
||